Представление документа в формате RUSMARC

ПолеНазваниеЗначение
  Тип записи a
  Библиографический уровень m
001 Контрольный номер RU/IS/BASE/308656234
005 Дата корректировки 20201206204659.6
010 Индекс ISBN __
a ISBN 978-5-89059-098-5
d Цена 391-88
101 Язык документа __
a Язык текста rus
c Язык оригинала rus
200 Заглавие и сведения об ответственности __
a Заглавие Минимы
f Первые сведения об ответственности [примеч. Е. М. Лысенко, Е. Л. Пинская]
b Общее обозначение материала Текст
210 Выходные данные __
a Место издания СПб.
c Издательство Изд-во Ивана Лимбаха
d Дата издания 2007
215 Физическое описание __
a Объем 552 с.
330 Аннотация __
a Аннотация Книга автора результат его многолетних раздумий об истории, религии, художественном творчестве, но главное - о духовной способности человека преодолеть неблагоприятные жизненные обстоятельства, стать другим.
600 Персоналии __
a Персоналии (Фамилия) Пинский, Л. Е.
c Дополнение к имени литературовед
606 Тематические рубрики __
a Основная рубрика Философия
606 Тематические рубрики __
a Основная рубрика Теория познания
610 Ключевые слова __
a Ключевые слова философия воспитания; философия жизни; философская мысль; философские проблемы познания; преодоление препятствий; философы; персоналии; философия личности; философия морали; философия образования
686 Индексы других классификаций __
a Классификационный индекс 87.22
700 Автор _1
a Фамилия Пинский
b Имя Л. Е.
4 Код отношения 070
801 Источник записи _0
a Страна RU
b Организация Муниципальное бюджетное учреждение культуры "Централизованная библиотечная система" г. Сургут (Центральная городская библиотека им. А. С. Пушкина)
g Правила каталогизации КиК/Елгина
801 Источник записи _1
a Страна RU
b Организация Муниципальное бюджетное учреждение культуры "Централизованная библиотечная система" г. Сургут (Центральная городская библиотека им. А. С. Пушкина)
g Правила каталогизации КиК/Елгина
852 Данные о местонахождении __
j Шифр хранения 87.22
c Каталожный индекс 87.22
i Авторский знак П 32
901 Тип документа __
t Тип документа m
903 Характеристики (МАРС) __
a Дата передачи 20091130
990 Данные о заказе (DOS) __
j Количество экземпляров (DOS) 1
t N записи в КСУ для И/У (DOS) 200911